| 000 | 01830cam a22004577a 4500 | ||
|---|---|---|---|
| 003 | CHAP | ||
| 005 | 20220329141113.0 | ||
| 008 | 971014s1996 r 00010 d | ||
| 010 | _a62618 | ||
| 011 | _a63590 | ||
| 035 | _a67766 | ||
| 040 | _cCHAP | ||
| 082 |
_a630.83 _bI56 Hgo. |
||
| 110 |
_aInstituto Nacional de Estadística, Geografía e Informática. México _959304 |
||
| 245 | 0 |
_aIndicadores básicos censales _b: Hidalgo |
|
| 260 |
_aAguascalientes, Ags. : _bINEGI, _c1996 |
||
| 300 |
_a204 p. _b; anexos _e+ 1 anexo (20 diagramas de universos) |
||
| 590 |
_aBATCH-UPD _b10 _c20130110 _lUCH01 _h1834 |
||
| 590 |
_aBATCH-UPD _b10 _c20130410 _lUCH01 _h1206 |
||
| 590 |
_aBATCH-UPD _b10 _c20130914 _lUCH01 _h0717 |
||
| 590 |
_aBATCH-UPD _b10 _c20130914 _lUCH01 _h2150 |
||
| 590 |
_aCONVERSION _b10 _c20130109 _lUCH01 _h1334 |
||
| 650 | 1 | 4 |
_aAgricultura _xEstadisticas _zHidalgo. _91454 |
| 650 | 1 | 4 |
_aAgricultura _zHidalgo. _91928 |
| 650 | 1 | 4 |
_aBosques _xEstadísticas _xHidalgo. _914147 |
| 650 | 1 | 4 |
_aCrédito agrícola _xHidalgo. _929058 |
| 650 | 1 | 4 |
_aCultivos _xEstadísticas. _930269 |
| 650 | 1 | 4 |
_aCultivos _xHidalgo. _930281 |
| 650 | 1 | 4 |
_aEjidos _xHidalgo. _936017 |
| 650 | 1 | 4 |
_aGanadería _xEstadísticas _zHidalgo. _944713 |
| 650 | 1 | 4 |
_aGanadería _xHidalgo. _944744 |
| 650 | 1 | 4 |
_aMaquinaria agrícola _xEstadísticas. _971170 |
| 650 | 1 | 4 |
_aTierras _xTenencia _xHidalgo. _9113170 |
| 790 | _aCensos agropecuarios (7o), 1991 | ||
| 901 | _aBK | ||
| 942 | _cLIBRO | ||
| 949 |
_a630.83 I56 Hgo. _bBC _cC _d33724000686820 _eC _gI. c/e _h92309 _i67766 _si _t50.00 |
||
| 949 |
_a630.83 I56 Hgo. _bBC _cESP _d-153151 _eESP _fanexo _h92309 _i67766 _sb _t50.00 |
||
| 949 |
_a630.83 I56 Hgo. _bBC _cESP _d677662 _eESP _fanexo c.2 _gDonaciØn _h100428 _i67766 _sb |
||
| 949 |
_a630.83 I56 Hgo. _bBC _cINEGI _d33724000899472 _eINEGI _fc.2 _gDonaciØn _h100428 _i67766 _sb |
||
| 999 |
_c62618 _d62618 |
||